<?xml version="1.0" encoding="UTF-8"?><?xml-stylesheet type="text/xsl" href="static/style.xsl"?><OAI-PMH xmlns="http://www.openarchives.org/OAI/2.0/" xmlns:xsi="http://www.w3.org/2001/XMLSchema-instance" xsi:schemaLocation="http://www.openarchives.org/OAI/2.0/ http://www.openarchives.org/OAI/2.0/OAI-PMH.xsd"><responseDate>2026-04-17T02:19:36Z</responseDate><request verb="GetRecord" identifier="oai:www.recercat.cat:2445/220475" metadataPrefix="marc">https://recercat.cat/oai/request</request><GetRecord><record><header><identifier>oai:recercat.cat:2445/220475</identifier><datestamp>2026-04-07T19:16:29Z</datestamp><setSpec>com_2072_1057</setSpec><setSpec>col_2072_478810</setSpec><setSpec>col_2072_478917</setSpec></header><metadata><record xmlns="http://www.loc.gov/MARC21/slim" xmlns:dcterms="http://purl.org/dc/terms/" xmlns:xsi="http://www.w3.org/2001/XMLSchema-instance" xmlns:doc="http://www.lyncode.com/xoai" xsi:schemaLocation="http://www.loc.gov/MARC21/slim http://www.loc.gov/standards/marcxml/schema/MARC21slim.xsd">
   <leader>00925njm 22002777a 4500</leader>
   <datafield ind2=" " ind1=" " tag="042">
      <subfield code="a">dc</subfield>
   </datafield>
   <datafield ind2=" " ind1=" " tag="720">
      <subfield code="a">Suárez, Maria del Mar</subfield>
      <subfield code="e">author</subfield>
   </datafield>
   <datafield ind2=" " ind1=" " tag="720">
      <subfield code="a">Gesa Vidal, Ferran</subfield>
      <subfield code="e">author</subfield>
   </datafield>
   <datafield ind2=" " ind1=" " tag="720">
      <subfield code="a">Frigolé, Neus</subfield>
      <subfield code="e">author</subfield>
   </datafield>
   <datafield ind2=" " ind1=" " tag="260">
      <subfield code="c">2025-04-15T12:31:37Z</subfield>
   </datafield>
   <datafield ind2=" " ind1=" " tag="260">
      <subfield code="c">2025-04-15T12:31:37Z</subfield>
   </datafield>
   <datafield ind2=" " ind1=" " tag="260">
      <subfield code="c">2025</subfield>
   </datafield>
   <datafield ind2=" " ind1=" " tag="520">
      <subfield code="a">Mobile-assisted language learning (MALL) tools like WhatsApp have opened new avenues for delivering timely personalized feedback in language education (Murphy et al., 2023). On a different note, feedback type is a critical factor in language acquisition, influencing both implicit and explicit knowledge development (Ellis, 2009; Nassaji, 2020). While different types of feedback have shown potential in traditional settings, their impact within MALL contexts remains underexplored. Therefore, this study examines the effects of different almost immediate feedback types on English as a foreign language (EFL) grammar learning via extramural practice on WhatsApp. Four intact groups (N=91) of first-year pre-intermediate EFL learners from the Early Years and Primary Education degrees at a Spanish university participated in the study (M age = 19.55 years). For an academic semester, they were taught three grammar structures following the Presentation-Practice-Production approach (Larsen-Freeman, 2014) and received extra exposure through WhatsApp. Participants from three of the groups completed six WhatsApp tasks (two per structure), plus an icebreaker, and received almost immediate feedback from their teacher through this platform. One group was exposed to metalinguistic explanations (n=25), another to reformulations (n=26), and the last one to repetition prompts (n=15) (Ellis, 2009). Additionally, a control group (CG; n=25), which underwent grammar teaching but was not provided feedback through WhatsApp, was also included in the design. One week before and after the intervention, the four groups completed two grammaticality judgement tests (GJT): a timed, aimed at measuring implicit knowledge, and an untimed version, measuring explicit knowledge (Nassaji, 2020). In both tests, participants had to decide whether 72 sentences (48 items with the target structures plus 24 distractors) were grammatically accurate or not. Descriptive statistics revealed that all groups scored higher in the post-tests than in the pre-tests, obtaining higher scores in the explicit test. Paired samples t-tests and Wilcoxon signed-ranked tests also revealed that those exposed to metalinguistic explanations and the CG made significant progress from pre- to post-test in both timed and untimed GJTs. One-way ANCOVAs further yielded significant differences (p=.037) between groups in the untimed GJT, with the metalinguistic explanations group scoring significantly higher than the CG (p=.045). However, the group factor did not yield significant differences in the timed GJT (p=.226). Thus, the study not only highlights the need for more explicit, continuous, and almost immediate feedback at the pre-intermediate level, but also offers valuable pedagogical implications for the integration of MALL into the EFL classroom.</subfield>
   </datafield>
   <datafield tag="653" ind2=" " ind1=" ">
      <subfield code="a">Anglès</subfield>
   </datafield>
   <datafield tag="653" ind2=" " ind1=" ">
      <subfield code="a">Estudiants estrangers</subfield>
   </datafield>
   <datafield tag="653" ind2=" " ind1=" ">
      <subfield code="a">Gramàtica</subfield>
   </datafield>
   <datafield tag="653" ind2=" " ind1=" ">
      <subfield code="a">Missatgeria instantània</subfield>
   </datafield>
   <datafield tag="653" ind2=" " ind1=" ">
      <subfield code="a">Retroacció (Psicologia)</subfield>
   </datafield>
   <datafield tag="653" ind2=" " ind1=" ">
      <subfield code="a">English language</subfield>
   </datafield>
   <datafield tag="653" ind2=" " ind1=" ">
      <subfield code="a">Foreign students</subfield>
   </datafield>
   <datafield tag="653" ind2=" " ind1=" ">
      <subfield code="a">Grammar</subfield>
   </datafield>
   <datafield tag="653" ind2=" " ind1=" ">
      <subfield code="a">Instant messaging</subfield>
   </datafield>
   <datafield tag="653" ind2=" " ind1=" ">
      <subfield code="a">Feedback (Psychology)</subfield>
   </datafield>
   <datafield ind2="0" ind1="0" tag="245">
      <subfield code="a">Feedback provision through WhatsApp: The effects of feedback type on EFL grammar learning</subfield>
   </datafield>
   <datafield ind2="0" ind1="0" tag="245">
      <subfield code="a">WhatsApp com a eina per a la provisió de feedback en l'aprenentatge de l'anglès com a llengua estrangera</subfield>
   </datafield>
</record></metadata></record></GetRecord></OAI-PMH>